| Tag |
First Indicator |
Second Indicator |
Subfields |
| LEADER |
00000cam a2200000 a 4500 |
| 001 |
in00000017715 |
| 005 |
20151007053503.0 |
| 008 |
840330s1974 sp b 00010 spa d |
| 020 |
|
|
|a 8429709819
|
| 035 |
|
|
|a (OCoLC)10578538
|
| 035 |
|
|
|9 AAB1831AM
|
| 040 |
|
|
|a IQU
|c IQU
|d m/c
|d UtOrBLW
|
| 041 |
1 |
|
|a spa
|h fre
|
| 049 |
|
|
|a TXAM
|c [A11043767]
|
| 050 |
|
4 |
|a HQ737
|b .M5818 1974
|
| 100 |
1 |
|
|a Michel, Andrée.
|
| 240 |
1 |
3 |
|a La sociologie de la famille et du mariage.
|l Spanish
|
| 245 |
1 |
0 |
|a Sociología de la familia y del matrimonio /
|c Andrée Michel.
|
| 250 |
|
|
|a 1a ed.
|
| 264 |
|
1 |
|a Barcelona :
|b Ediciones Península,
|c 1974.
|
| 300 |
|
|
|a 193 pages ;
|c 20 cm.
|
| 336 |
|
|
|a text
|b txt
|2 rdacontent
|
| 337 |
|
|
|a unmediated
|b n
|2 rdamedia
|
| 338 |
|
|
|a volume
|b nc
|2 rdacarrier
|
| 490 |
0 |
|
|a Serie universitaria
|
| 490 |
1 |
|
|a Historia, ciencia, sociedad ;
|v 109
|
| 500 |
|
|
|a Tranlation of: La sociologie de la famille et du mariage.
|
| 504 |
|
|
|a Includes bibliographical references.
|
| 650 |
|
0 |
|a Families.
|
| 650 |
|
0 |
|a Marriage.
|
| 830 |
|
0 |
|a Historia, ciencia y sociedad ;
|v 109.
|
| 999 |
|
|
|a MARS
|
| 999 |
f |
f |
|s 294084d6-acdd-3057-9845-5459a14a1e9d
|i fb523f43-7e1e-36d5-bb3d-6a374c386b18
|t 0
|
| 952 |
f |
f |
|p ric
|a Texas A&M University
|b Rellis Campus
|c Joint Library Facility
|d Remote Storage
|t 0
|e HQ737 .M5818 1974
|h Library of Congress classification
|i unmediated -- volume
|m A14811043767
|
| 998 |
f |
f |
|a HQ737 .M5818 1974
|t 0
|l Remote Storage
|